00869nam a22002417a 45000010005000000030006000050050017000110080041000280200018000690400029000870500015001160820010001311000023001412450076001642600037002403000040002775050008003175200198003255210021005235210020005446500034005647000029005985470FISKH20241210101525.0241210b cb ||||| |||| 00| 0 eng d a9780545591959 aFISKHbengcFISKHdFISKH aHD9481.U52 a621.5 aPringle, Laurence  aIce : bthe amazing history of the ice bussiness /cby Laurence Pringle aNew York : bScholastic ;c2012. a74 pages:billustrations ;c25 cm . aZ  aPresents a history of the ice business, detailing the processes of harvesting, storage, and distribution, with particular emphasis on activities at Rockland Lake, the "Icebox of New York City."8 a1060 bLexile 8 aZ bRaz-Plus  aAmerican historyvNon-fiction aWeise, Carla eDesigner